[Event "34th Chess Olympiad (men)"]
[Site "Istanbul"]
[Date "2000.11.12"]
[Round "14.49.1"]
[White "Cueto, Johnny"]
[Black "Ndlovu, Ignatious"]
[WhiteElo "2389"]
[BlackElo "2000"]
[WhiteCountry "BOL"]
[BlackCountry "BOT"]
[Result "0-1"]

1. e4 e6 2. d3 d5 3. Nd2 Nf6 4. Ngf3 c5 5. g3 Nc6 6. Bg2 dxe4 7. dxe4 Be7 
8. O-O e5 9. c3 O-O 10. Qe2 b6 11. Rd1 Qc7 12. Nf1 Be6 13. Ng5 Bg4 14. f3 Bh5 
15. h4 h6 16. Nh3 Rad8 17. Bd2 Rd7 18. g4 Bg6 19. Ne3 Rfd8 20. g5 hxg5 
21. hxg5 Nh5 22. Nd5 Qb8 23. Be3 Bf8 24. Rd2 Ne7 25. c4 Nxd5 26. cxd5 Bd6 
27. Rc1 Kh7 28. Qe1 Rh8 29. Bf1 Kg8 30. Rh2 f5 31. gxf6 gxf6 32. Rcc2 Rg7 
33. Rcg2 Kf7 34. Bb5 Qc8 35. Nf2 Nf4 36. Bxf4 exf4 37. Rxh8 Qxh8 38. Ng4 Be5 
39. Rh2 Bd4+ 40. Kg2 Rh7 41. Rxh7+ Qxh7 42. d6 Qh5 43. Bc6 Ke6 44. d7 Ke7 
45. Qc1 Qg5 46. Qh1 f5 47. exf5 Bxf5 48. Qe1+ Be3 49. Qd1 Bd4 50. Qe1+ Kd6 
51. Qe8 Bf6 52. Qf8+ Kxc6 53. Qxf6+ Qxf6 54. Nxf6 Bxd7 55. Nh5 Be6 56. a3 Kb5 
57. Nxf4 Bc4 58. Kf2 Ka4 59. Ke3 Kb3 60. Nd3 Bb5 61. f4 c4 62. Ne5 Kxb2 
63. a4 Ba6 64. Nd3+ cxd3 65. Kd2 b5 66. axb5 Bxb5 67. f5 a5 68. f6 Bc4 
0-1

[Event "34th Chess Olympiad (men)"]
[Site "Istanbul"]
[Date "2000.11.12"]
[Round "14.49.2"]
[White "Samuel, Boipuso"]
[Black "Ferrufino, Boris"]
[WhiteElo "2117"]
[BlackElo "2146"]
[WhiteCountry "BOT"]
[BlackCountry "BOL"]
[Result "1/2-1/2"]

1. e4 c5 2. c3 d5 3. exd5 Qxd5 4. d4 e6 5. Nf3 Nf6 6. Na3 Be7 7. Nb5 Na6 
8. Be2 O-O 9. O-O cxd4 10. cxd4 b6 11. Qa4 Qd8 12. Bf4 Nd5 13. Bg3 Bb7 
14. Rac1 Nab4 15. Nc7 Rc8 16. Qxa7 Bc6 17. Nxd5 Nxd5 18. Ne5 Nb4 19. Bf3 Bxf3 
20. Rxc8 Qxc8 21. Nxf3 Nd5 22. Qa4 Qb7 23. Rc1 b5 24. Qc2 b4 25. Qb3 Qa7 
26. h3 Ra8 27. a3 bxa3 28. bxa3 h6 29. Ra1 Qb6 30. Qxb6 Nxb6 31. Rb1 Nd5 
32. Ne5 g6 33. Nc4 Nc3 34. Rb8+ Rxb8 35. Bxb8 Ne2+ 36. Kf1 Nxd4 37. a4 Nc6 
38. Bc7 Bc5 39. a5 Nb4 40. Bb6 Be7 41. Ke2 f6 42. Ke3 e5 43. Ke4 Kf7 44. g4 Ke6 
45. Ne3 Bf8 46. Nc2 f5+ 47. Kf3 Na6 48. Ke2 fxg4 49. hxg4 h5 50. Kf3 Be7 
51. Ne3 Nb4 52. Ke4 Bh4 53. gxh5 gxh5 54. Nc4 Bf6 55. Bc7 Na6 56. Bb6 Nb4 
57. Ne3 Bh4 58. Nc2 Na6 59. Na3 Be7 60. Nb5 Bh4 61. f3 Be1 62. Nc7+ Nxc7 
63. Bxc7 Kd7 64. Bxe5 Bxa5 65. Kf5 Bd2 66. Bg3 Ke7 67. Kg6 Ke6 68. Bh4 Be3 
69. Bg5 Bxg5 70. Kxg5 h4 
1/2-1/2

[Event "34th Chess Olympiad (men)"]
[Site "Istanbul"]
[Date "2000.11.12"]
[Round "14.49.3"]
[White "Monroy, Javier"]
[Black "Kealeboga, Baone"]
[WhiteElo "2000"]
[BlackElo "2000"]
[WhiteCountry "BOL"]
[BlackCountry "BOT"]
[Result "1-0"]

1. e4 e5 2. d4 exd4 3. Qxd4 Nc6 4. Qe3 Nf6 5. Nc3 Bb4 6. Bd2 O-O 7. O-O-O Re8 
8. Bc4 Bxc3 9. Bxc3 Nxe4 10. Qf4 Nf6 11. Nf3 Re4 12. Bxf7+ Kh8 13. Qg3 Qf8 
14. Bb3 Rg4 15. Qxc7 Ne8 16. Qg3 Rxg3 17. hxg3 Nf6 18. Nh4 Qe8 19. Rde1 Qh5 
20. g4 Qxg4 21. Bxf6 h5 22. Re8+ Kh7 23. Bg8+ Kh6 24. Bc3 b6 25. f3 Qa4 
26. Bb3 Qb5 27. Bd2+ g5 28. Rh8+ Kg7 29. Rg8+ Kh7 30. Rxg5 Qe2 31. Nf5 
1-0

[Event "34th Chess Olympiad (men)"]
[Site "Istanbul"]
[Date "2000.11.12"]
[Round "14.49.4"]
[White "Salani, Polite"]
[Black "Campero, Ronald"]
[WhiteElo "2000"]
[BlackElo "2000"]
[WhiteCountry "BOT"]
[BlackCountry "BOL"]
[Result "0-1"]

1. d4 g6 2. c4 Bg7 3. Nc3 Nf6 4. e4 O-O 5. Nf3 d6 6. Be2 e5 7. O-O Nc6 
8. d5 Ne7 9. Nd2 a5 10. a3 Nd7 11. Rb1 f5 12. b4 Kh8 13. Qc2 Ng8 14. Bb2 f4 
15. f3 h5 16. Nb5 b6 17. c5 bxc5 18. bxc5 Nxc5 19. a4 Rf7 20. Ba3 Na6 
21. Qc3 g5 22. Rfc1 g4 23. Rc2 Bf8 24. Nb3 Rg7 25. Nxa5 Nh6 26. Nc6 Qh4 
27. Nxe5 Kh7 28. Bd3 g3 29. h3 Bxh3 30. gxh3 dxe5 31. Bxf8 Rxf8 32. Bf1 g2 
33. Rxg2 Rfg8 34. Rbb2 Rg3 35. Qc6 R8g6 36. Qd7+ Rg7 37. Qc8 Nc5 38. Nxc7 Nxe4 
39. fxe4 f3 40. Rxg3 Qxg3+ 41. Bg2 fxg2 
0-1

[Event "34th Chess Olympiad (men)"]
[Site "Istanbul"]
[Date "2000.11.12"]
[Round "14.50.1"]
[White "Molla, Mekitew"]
[Black "Nsubuga, Grace"]
[WhiteElo "2000"]
[BlackElo "2259"]
[WhiteCountry "ETH"]
[BlackCountry "UGA"]
[Result "0-1"]

1. d4 Nf6 2. c4 e6 3. Nc3 Bb4 4. e3 O-O 5. Bd3 c5 6. Nf3 d5 7. O-O Nc6 
8. a3 Ba5 9. cxd5 exd5 10. h3 Re8 11. Qc2 c4 12. Be2 a6 13. b3 b5 14. bxc4 bxc4 
15. Rb1 Qd6 16. Nh2 Bc7 17. f4 g6 18. Qd1 Bf5 19. Ra1 Ne4 20. Nxe4 Bxe4 
21. Bf3 Bd3 22. Re1 Ba5 23. Bd2 c3 24. Bxc3 Bxc3 25. Qxd3 Bxa1 26. Rxa1 Na5 
27. Ng4 Kg7 28. f5 f6 29. fxg6 hxg6 30. Rf1 Re6 31. Bd1 Rf8 32. Bc2 f5 
33. Ne5 Nc4 34. Nxc4 dxc4 35. Qxc4 Rxe3 36. a4 Rxh3 37. Rf2 Qh2+ 38. Kf1 Qh1+ 
39. Ke2 Re8+ 
0-1

[Event "34th Chess Olympiad (men)"]
[Site "Istanbul"]
[Date "2000.11.12"]
[Round "14.50.2"]
[White "Opio, Steven"]
[Black "Abera, Yimam"]
[WhiteElo "2185"]
[BlackElo "2000"]
[WhiteCountry "UGA"]
[BlackCountry "ETH"]
[Result "1-0"]

1. d4 Nf6 2. Nf3 g6 3. Bg5 Bg7 4. Nbd2 d5 5. e3 O-O 6. Be2 Ne4 7. Nxe4 dxe4 
8. Nd2 f5 9. Bc4+ Kh8 10. h4 h5 11. Nf1 c5 12. Ng3 b5 13. Be2 cxd4 
14. exd4 Bxd4 15. c3 Bf6 16. Bxf6+ exf6 17. Qxd8 Rxd8 18. Bxb5 Bb7 19. Ne2 Nc6 
20. Bxc6 Bxc6 21. Nf4 Kh7 22. b3 Rd6 23. Rd1 Rad8 24. Rxd6 Rxd6 25. Ke2 Kh6 
26. c4 Be8 27. Nd5 g5 28. Ke3 Bc6 29. Kd4 Kg6 30. Kc5 Re6 31. Nc7 e3 
32. f3 Re5+ 33. Kxc6 gxh4 34. f4 Re4 35. Nd5 Rd4 36. Re1 Rd2 37. Rxe3 Rxg2 
38. Rh3 Rxa2 39. c5 a5 40. Kb5 Rd2 41. Nb6 
1-0

[Event "34th Chess Olympiad (men)"]
[Site "Istanbul"]
[Date "2000.11.12"]
[Round "14.50.3"]
[White "Hailu, Wossenyelew"]
[Black "Bibasa, Bob"]
[WhiteElo "2000"]
[BlackElo "2226"]
[WhiteCountry "ETH"]
[BlackCountry "UGA"]
[Result "0-1"]

1. d4 f5 2. Nf3 Nf6 3. g3 g6 4. Bg2 Bg7 5. c4 O-O 6. O-O d6 7. Nc3 c6 
8. Qc2 Qe8 9. e4 fxe4 10. Nxe4 Bf5 11. Nxf6+ exf6 12. Qb3 Qd7 13. Nh4 Be6 
14. d5 Bf7 15. dxc6 Nxc6 16. Rd1 Qc7 17. Qd3 Ne5 18. Qxd6 Qxd6 19. Rxd6 Nxc4 
20. Rd7 Rad8 21. Rxd8 Rxd8 22. Bf3 f5 23. Rb1 Nd2 24. Bxd2 Rxd2 25. Bxb7 Bxa2 
26. Ra1 Rxb2 27. Rxa2 Rxb7 28. Nf3 Bf6 29. Kf1 Kf7 30. Nd2 Bd4 31. Nc4 Ke6 
32. Ke2 Kd5 33. Ne3+ Kc6 34. Nc4 Re7+ 35. Kd3 Rd7 36. Ke2 Kb5 37. Nd2 a5 
38. f3 a4 39. g4 Kb4 40. h4 a3 41. Nb1 Bb2 42. Nxa3 Kb3 43. Rxb2+ Kxb2 
44. Nc4+ Kc3 45. Ne5 Re7 46. f4 Kd4 47. Kf3 Rc7 48. gxf5 gxf5 49. h5 Rc3+ 
50. Kg2 Ke4 51. h6 Kxf4 52. Nd7 Rg3+ 53. Kh2 Rg6 54. Nc5 Kf3 55. Nd3 Rxh6+ 
56. Kg1 f4 
0-1

[Event "34th Chess Olympiad (men)"]
[Site "Istanbul"]
[Date "2000.11.12"]
[Round "14.50.4"]
[White "Kawuma, Stevan"]
[Black "Alemu, Fikreselassie"]
[WhiteElo "2020"]
[BlackElo "2000"]
[WhiteCountry "UGA"]
[BlackCountry "ETH"]
[Result "0-1"]

1. e4 c5 2. Nf3 d6 3. d4 cxd4 4. Nxd4 Nf6 5. Nc3 a6 6. Bg5 e6 7. Qd2 Be7 
8. O-O-O Qc7 9. f4 h6 10. Bxf6 gxf6 11. Qf2 Nc6 12. Qg3 Bd7 13. Qg7 Rf8 
14. Qxh6 O-O-O 15. Nxc6 Bxc6 16. f5 Kb8 17. Qf4 Rc8 18. Bd3 Rg8 19. g3 Qb6 
20. Rhe1 Rh8 21. h4 Bd7 22. Qe3 Qa5 23. Bf1 Rcg8 24. Be2 Bc6 25. Bc4 Bd7 
26. Kb1 Rg4 27. Be2 Rgg8 28. h5 Bc6 29. g4 Bf8 30. Rh1 Bh6 31. Qf3 Qe5 
32. Rhf1 Bg5 33. a3 Re8 34. Bd3 Rhg8 35. Qf2 Kc7 36. Qe2 Bh6 37. Rg1 Rg5 
38. Rdf1 Bf8 39. Rh1 Bh6 40. Rh3 Reg8 41. Rg1 Qc5 42. Rgg3 Kb8 43. Nd1 R5g7 
44. fxe6 fxe6 45. Nf2 Bf4 46. Rf3 Be5 47. Bc4 d5 48. exd5 exd5 49. Bb3 Bd7 
50. h6 Rh7 51. Qd3 Rgh8 52. Bxd5 Bd4 53. Rh5 Qb6 54. Nd1 Bxg4 55. Rh4 
0-1

[Event "34th Chess Olympiad (men)"]
[Site "Istanbul"]
[Date "2000.11.12"]
[Round "14.51.1"]
[White "Guillen, Ramirez Jose Antonio"]
[Black "Corbin, Philip"]
[WhiteElo "2281"]
[BlackElo "2228"]
[WhiteCountry "HON"]
[BlackCountry "BAR"]
[Result "0-1"]

1. f4 e5 2. fxe5 d6 3. exd6 Bxd6 4. Nf3 Bg4 5. g3 h5 6. d4 Nc6 7. Be3 Qe7 
8. Qd2 Nf6 9. Bg2 Ne4 10. Qc1 O-O-O 11. O-O h4 12. Nxh4 Rxh4 13. gxh4 Qxh4 
14. Bf4 Nxd4 
0-1

[Event "34th Chess Olympiad (men)"]
[Site "Istanbul"]
[Date "2000.11.12"]
[Round "14.51.3"]
[White "Marder Riveda, Martin"]
[Black "Elson, Askari"]
[WhiteElo "2205"]
[BlackElo "2000"]
[WhiteCountry "HON"]
[BlackCountry "BAR"]
[Result "0-1"]

1. d4 Nf6 2. c4 g6 3. Nc3 Bg7 4. e4 d6 5. f3 O-O 6. Be3 e5 7. d5 Nh5 8. Qd2 f5 
9. Bg5 Bf6 10. Bxf6 Nxf6 11. Bd3 f4 12. Nge2 Na6 13. a3 Nc5 14. Bc2 a5 
15. O-O a4 16. Nc1 Bd7 17. Nd3 Nxd3 18. Bxd3 b6 19. Rac1 g5 20. Bc2 g4 
21. Bd1 Rf7 22. Qe1 gxf3 23. Bxf3 Ng4 24. Nd1 Rg7 25. h3 Nh6 26. Kf2 b5 
27. c5 c6 28. Qb4 cxd5 29. cxd6 Rc8 30. Rxc8 Qxc8 31. Nc3 d4 32. Nd5 Qc2+ 
33. Ke1 d3 34. Rf2 Qc1+ 35. Bd1 Kh8 36. Qc3 Qxc3+ 37. Nxc3 Rg6 38. Bf3 Rxd6 
39. Rd2 Ng8 40. Na2 Nf6 41. Nb4 Be6 42. Rxd3 Rxd3 43. Nxd3 Nd7 44. Kd2 Kg7 
45. Bg4 Bxg4 46. hxg4 Kg6 47. Kc3 Kg5 48. Kb4 Kxg4 49. Kxb5 Kg3 50. Kc6 Nf8 
51. Kd6 Kxg2 52. Kxe5 f3 53. Kf6 f2 54. Nxf2 Kxf2 55. Kf7 Ng6 56. Kg7 Ke3 
57. Kxh7 Ne5 
0-1

[Event "34th Chess Olympiad (men)"]
[Site "Istanbul"]
[Date "2000.11.12"]
[Round "14.52.1"]
[White "Moussa, Alaa-Eddine"]
[Black "Smith, Louis"]
[WhiteElo "2255"]
[BlackElo "2178"]
[WhiteCountry "PLE"]
[BlackCountry "AHO"]
[Result "1/2-1/2"]

1. d4 g6 2. c4 Bg7 3. Nc3 d6 4. e4 Nf6 5. Be2 O-O 6. Bg5 Nc6 7. h3 e5 
8. Nf3 Nxd4 9. Nxd4 exd4 10. Qxd4 h6 11. Bd2 Re8 12. Qd3 Qe7 13. f3 Be6 
14. O-O Rad8 15. f4 Bd7 16. Bf3 Bc6 17. Rae1 Nd7 18. b4 b6 19. Kh1 Nf8 
20. Re2 Bb7 21. Nd5 Bxd5 22. cxd5 h5 23. Rc1 Qd7 24. Bc3 c5 25. dxc6 Qxc6 
26. Rec2 Bxc3 27. Rxc3 Qa4 28. a3 a6 29. Qd4 Qb5 30. Qf6 Qd7 31. Rc7 Qe6 
32. Qd4 b5 33. R1c6 Qb3 34. f5 Re5 35. Rxd6 Rxd6 36. Qxd6 Re8 37. fxg6 Nxg6 
38. Bxh5 Qb1+ 39. Kh2 Qxe4 40. Bxg6 fxg6 41. Rc6 Kh7 42. Rxa6 Re7 43. Qf6 Rg7 
44. Rb6 Rb7 45. Re6 Qc2 46. Qh4+ Kg7 47. Qd4+ Kh7 48. Re8 Qc7+ 49. Qe5 Qxe5+ 
50. Rxe5 Kh6 51. Kg3 Ra7 52. Re3 Rf7 53. Rf3 Rc7 54. Kf4 Rc2 55. g4 Rc4+ 
56. Ke5 Kg5 57. Kd5 Kh4 58. Rb3 g5 59. a4 Rf4 60. a5 Rd4+ 61. Kc6 Rc4+ 
62. Kd5 Rd4+ 63. Kc5 Rc4+ 64. Kd6 Rd4+ 65. Kc7 Rc4+ 66. Kd8 Rd4+ 67. Kc8 Rc4+ 
68. Kb8 Rc8+ 69. Ka7 Rc7+ 70. Ka6 Rc6+ 71. Kxb5 Rc5+ 72. Kb6 Rc6+ 73. Kb7 Rc7+ 
74. Kb8 Rc8+ 75. Ka7 Rc7+ 
1/2-1/2

[Event "34th Chess Olympiad (men)"]
[Site "Istanbul"]
[Date "2000.11.12"]
[Round "14.52.2"]
[White "Mensing, Fabio"]
[Black "Kayle, Charles"]
[WhiteElo "2000"]
[BlackElo "2097"]
[WhiteCountry "AHO"]
[BlackCountry "PLE"]
[Result "1/2-1/2"]

1. d4 d5 2. Bf4 c5 3. c3 Nc6 4. e3 Nf6 5. Nd2 Qb6 6. Qb3 c4 7. Qc2 Bg4 
8. Be2 Bxe2 9. Nxe2 e6 10. h3 Be7 11. O-O O-O 12. Bh2 Rac8 13. Ng3 Bd6 
14. Rfe1 Qd8 15. e4 dxe4 16. Ngxe4 Bxh2+ 17. Kxh2 b5 18. Nxf6+ Qxf6 
19. Nf3 Rfd8 20. Kg1 Rd5 21. Rad1 Rcd8 22. Qe2 h6 23. Ra1 
1/2-1/2

[Event "34th Chess Olympiad (men)"]
[Site "Istanbul"]
[Date "2000.11.12"]
[Round "14.52.3"]
[White "Asaad, Salah"]
[Black "Wolf, Rudsel"]
[WhiteElo "2000"]
[BlackElo "2000"]
[WhiteCountry "PLE"]
[BlackCountry "AHO"]
[Result "0-1"]

1. e4 c5 2. Ne2 Nc6 3. d4 cxd4 4. Nxd4 Nf6 5. Nc3 d6 6. Bc4 e6 7. Be3 a6 
8. Qe2 Qc7 9. Bb3 Be7 10. O-O-O O-O 11. Rhg1 b5 12. Nxc6 Qxc6 13. f3 Bd7 
14. g4 Rac8 15. g5 Ne8 16. h4 a5 17. a4 bxa4 18. Bxa4 Qb7 19. Bxd7 Qxd7 
20. Qb5 Qxb5 21. Nxb5 Rb8 22. Nd4 Rc8 23. Rd3 g6 24. Rgd1 Nc7 25. Nc6 Rfe8 
26. Nxe7+ Rxe7 27. Rxd6 e5 28. Bb6 Ne6 29. Kb1 Rb7 30. Bxa5 Rb5 31. Bc3 Rxc3 
32. R6d5 Rcc5 33. c4 Rb4 34. Rxc5 Nxc5 35. Rc1 Rb3 36. Kc2 Rxf3 37. b4 Nxe4 
38. Kb2 Kf8 39. c5 f5 40. c6 Nd6 41. c7 Nc8 42. Rd1 Ke7 43. Rd8 e4 44. b5 Rd3 
45. Rxc8 Kd7 46. Rd8+ Kxc7 47. Rxd3 exd3 48. Kc3 Kb6 49. Kxd3 Kxb5 50. Kd4 Kc6 
51. Ke5 Kc5 52. h5 Kc4 53. h6 f4 54. Kf6 f3 55. Kg7 f2 56. Kxh7 f1=Q 
57. Kxg6 Qd3+ 58. Kg7 Qd7+ 59. Kg8 Qd8+ 60. Kf7 Qh8 61. Kg6 Kd5 62. Kh5 Ke6 
63. g6 Kf6 64. g7 Qe8+ 
0-1

[Event "34th Chess Olympiad (men)"]
[Site "Istanbul"]
[Date "2000.11.12"]
[Round "14.52.4"]
[White "Maduro, Sherman"]
[Black "Mawed, Mohamed"]
[WhiteElo "2230"]
[BlackElo "2000"]
[WhiteCountry "AHO"]
[BlackCountry "PLE"]
[Result "0-1"]

1. d4 d5 2. c4 c6 3. Nc3 dxc4 4. a4 Nf6 5. e4 Be6 6. Nf3 h6 7. Be2 g6 
8. O-O Bg7 9. Ne5 b5 10. Nxc6 Nxc6 11. d5 b4 12. Nb5 a6 13. Nd4 Nxd4 
14. Qxd4 Bc8 15. Bxc4 O-O 16. f4 Bb7 17. Qd3 Ng4 18. a5 Qc7 19. Rf3 Qc5+ 
20. Kf1 Nxh2+ 21. Ke2 Nxf3 22. gxf3 Rac8 23. Bb3 Qg1 24. Bd1 Bd4 
0-1

[Event "34th Chess Olympiad (men)"]
[Site "Istanbul"]
[Date "2000.11.12"]
[Round "14.53.2"]
[White "Calangi, Zachary Alexander"]
[Black "Omolo, Keneth"]
[WhiteElo "2183"]
[BlackElo "2053"]
[WhiteCountry "MAC"]
[BlackCountry "KEN"]
[Result "0-1"]

1. e4 e6 2. d4 d5 3. Nd2 Nf6 4. e5 Nfd7 5. Bd3 c5 6. c3 Nc6 7. Ne2 cxd4 
8. cxd4 f6 9. exf6 Nxf6 10. O-O Bd6 11. Nf3 Qc7 12. Bg5 O-O 13. Rc1 Ng4 
14. Ng3 h6 15. Bd2 Qe7 16. Bb1 Nxd4 17. Nxd4 Qh4 18. h3 Nxf2 19. Rxf2 Rxf2 
20. Nge2 e5 21. Be1 Rxg2+ 22. Kxg2 Qxh3+ 23. Kg1 exd4 24. Qxd4 Qh2+ 
0-1

[Event "34th Chess Olympiad (men)"]
[Site "Istanbul"]
[Date "2000.11.12"]
[Round "14.53.3"]
[White "Kanyingi, Joseph"]
[Black "Fesalbon, Rolando"]
[WhiteElo "2200"]
[BlackElo "2000"]
[WhiteCountry "KEN"]
[BlackCountry "MAC"]
[Result "1/2-1/2"]

1. e4 c5 2. Nf3 d6 3. d4 cxd4 4. Nxd4 Nf6 5. Nc3 g6 6. Be3 Bg7 7. f3 O-O 
8. Qd2 Nc6 9. g4 Bd7 10. h4 h5 11. O-O-O Rc8 12. Nb3 Ne5 13. g5 Nh7 14. f4 Nc4 
15. Bxc4 Rxc4 16. Nd5 Bg4 17. Rdf1 Rxe4 18. Bxa7 Re2 19. Qb4 Qa8 20. Qa5 Rc8 
21. c3 b6 22. Nxb6 Qe4 23. Na1 Bf5 24. e5 dxe5 25. Nxc5 Rfd8 26. Qa4 Qd6 
27. Ne4 Qf8 28. Ng5 Qe7 29. Bh3 Nd4 30. Be3 exf4 31. Bxf4 e5 32. Rad1 Kh8 
33. Rxe5 Qf6 34. Re4 Nbc6 35. Bxb8 Rxb8 36. f4 Bf8 37. Rdxd4 Nxd4 38. Qd7 Bg7 
39. Nf7+ Kg8 
1/2-1/2

[Event "34th Chess Olympiad (men)"]
[Site "Istanbul"]
[Date "2000.11.12"]
[Round "14.53.4"]
[White "Chan, Kuok"]
[Black "Mukabi, John"]
[WhiteElo "2000"]
[BlackElo "2100"]
[WhiteCountry "MAC"]
[BlackCountry "KEN"]
[Result "1/2-1/2"]

1. d4 Nf6 2. c4 g6 3. Nc3 Bg7 4. e4 d6 5. f3 O-O 6. Be3 c5 7. Nge2 Nc6 
8. d5 Ne5 9. Nc1 e6 10. Qc2 exd5 11. cxd5 Re8 12. a4 Nh5 13. Bb5 Bd7 14. O-O f5 
15. a5 f4 16. Bf2 Nf6 17. Nd3 Bxb5 18. Nxb5 Nxd3 19. Qxd3 Rc8 20. Nxa7 Ra8 
21. Nb5 Bd4 22. Bb2 e5 23. Rxe5 Bxe5 24. Bxe5 Rac8 25. Rc1 Kf8 26. Bf5 Rc6 
27. Kg2 Kg8 28. c5 b5 29. Rc3 g6 30. Bd3 Nd5 31. Bxb5 Re6 32. f4 Nxc3 
33. Bxc3 Rb8 34. Bd7 Re7 35. c6 Rxd7 36. cxd7 Rd8 
1/2-1/2

[Event "34th Chess Olympiad (men)"]
[Site "Istanbul"]
[Date "2000.11.12"]
[Round "14.54.1"]
[White "Dos Ramos, Carlos"]
[Black "Li Ying, Denis"]
[WhiteElo "2000"]
[BlackElo "2090"]
[WhiteCountry "SUR"]
[BlackCountry "MRI"]
[Result "1-0"]

1. Nf3 g6 2. c4 Bg7 3. Nc3 Nf6 4. g3 O-O 5. Bg2 d6 6. O-O e5 7. d3 Nbd7 
8. Bd2 h6 9. Rc1 Nh7 10. b4 f5 11. Qb3 Kh8 12. Nh4 Rf6 13. Nd5 Re6 14. c5 Ndf8 
15. cxd6 Rxd6 16. Nxc7 Rb8 17. Nb5 Be6 18. Qb1 Rd7 19. Bc3 a6 20. Na3 b5 
21. Qb2 Kg8 22. Bxe5 Bxe5 23. Qxe5 Bxa2 24. Qb2 Bf7 25. Nf3 Rc7 26. Rxc7 Qxc7 
27. Rc1 Qd6 28. Ne5 Be8 29. Rc5 Nf6 30. Nc2 Ne6 31. Nc6 Nd7 32. Nxb8 Ndxc5 
33. bxc5 Qxb8 34. Qf6 Nc7 35. Qd6 Bf7 36. Nb4 Qc8 37. Nc6 Kh7 38. Qe7 Kg8 
39. Nd8 Be8 40. Bc6 Bxc6 41. Qf7+ Kh8 42. Nxc6 
1-0

[Event "34th Chess Olympiad (men)"]
[Site "Istanbul"]
[Date "2000.11.12"]
[Round "14.54.3"]
[White "Gajadin, Dew"]
[Black "Seegolam, Pradeep"]
[WhiteElo "2202"]
[BlackElo "2000"]
[WhiteCountry "SUR"]
[BlackCountry "MRI"]
[Result "1-0"]

1. e4 e5 2. Nf3 Nc6 3. Bc4 Bc5 4. c3 Nf6 5. d4 exd4 6. cxd4 Bb4+ 7. Nc3 Nxe4 
8. O-O Bxc3 9. d5 Ne7 10. bxc3 O-O 11. Qc2 Nf6 12. Bg5 d6 13. Bxf6 gxf6 
14. Bd3 Ng6 15. Nd4 Re8 16. Rab1 Re5 17. c4 a6 18. f4 Rh5 19. Rf3 Rb8 
20. Nc6 Qe8 21. Nxb8 Bg4 22. Rg3 f5 23. Rf1 Qxb8 24. h3 Qa7+ 25. Qf2 Qxf2+ 
26. Kxf2 Nxf4 27. hxg4 Nxd3+ 28. Rxd3 fxg4 29. Kg3 f5 30. Re3 
1-0

[Event "34th Chess Olympiad (men)"]
[Site "Istanbul"]
[Date "2000.11.12"]
[Round "14.54.4"]
[White "Mansoor, Jamil"]
[Black "Treu, Auke"]
[WhiteElo "2205"]
[BlackElo "2000"]
[WhiteCountry "MRI"]
[BlackCountry "SUR"]
[Result "1/2-1/2"]

1. e4 e6 2. d4 d5 3. exd5 exd5 4. Bd3 Nf6 5. Bg5 Be7 6. h3 O-O 7. Nf3 c5 
8. c3 Nc6 9. O-O cxd4 10. cxd4 Ne4 11. Bxe7 Qxe7 12. Nc3 Nf6 13. Qb3 Rd8 
14. a3 a6 15. Na4 b5 16. Nb6 Rb8 17. Nxc8 Rdxc8 18. Rfe1 Qd6 19. Qd1 h6 
20. Qd2 Re8 21. Rac1 Rxe1+ 22. Rxe1 Re8 23. Rxe8+ Nxe8 24. Qe3 Nc7 25. Ne5 Ne6 
26. Nxc6 Qxc6 27. Bf5 Qb6 28. Kf1 a5 29. Bxe6 Qxe6 30. Qxe6 fxe6 31. Ke2 Kf7 
32. Kf3 Kf6 33. Kf4 g5+ 34. Ke3 Kf5 35. g4+ Kg6 36. f4 Kf6 37. Kf3 Kg6 
1/2-1/2

[Event "34th Chess Olympiad (men)"]
[Site "Istanbul"]
[Date "2000.11.12"]
[Round "14.55.2"]
[White "Volpinari, Danilo"]
[Black "De Silva, Nuwan"]
[WhiteElo "2084"]
[BlackElo "2000"]
[WhiteCountry "SMR"]
[BlackCountry "SRI"]
[Result "0-1"]

1. d4 Nf6 2. Nf3 c5 3. c3 d5 4. Bf4 Qb6 5. Qb3 Qd8 6. dxc5 Nc6 7. Na3 Nh5 
8. Bg3 e6 9. Rd1 Bxc5 10. e4 O-O 11. Bd3 Qb6 12. Qc2 f5 13. exf5 exf5 
14. O-O Nxg3 15. hxg3 Be6 16. b4 Bd6 17. Nb5 Bxg3 18. Nbd4 Nxd4 19. Nxd4 Bc7 
20. Nxf5 Rf6 21. Rde1 Raf8 22. Nd4 Qd6 23. g3 Rxf2 24. Ne2 Qb6 25. Bxh7+ Kh8 
26. Rxf2 Qxf2+ 
0-1

[Event "34th Chess Olympiad (men)"]
[Site "Istanbul"]
[Date "2000.11.12"]
[Round "14.55.3"]
[White "Fonseka, C.k.d"]
[Black "Renzi, Nicola"]
[WhiteElo "2000"]
[BlackElo "2000"]
[WhiteCountry "SRI"]
[BlackCountry "SMR"]
[Result "1-0"]

1. e4 d6 2. d4 Nf6 3. Nc3 c6 4. f4 Qa5 5. Bd3 d5 6. e5 Ne4 7. Nf3 Na6 
8. O-O Nxc3 9. bxc3 Qxc3 10. Bd2 Qa3 11. Rb1 e6 12. Rb3 Qe7 13. Qe2 Nc7 
14. Ng5 g6 15. Kh1 Qd7 16. g4 b6 17. f5 c5 18. fxe6 fxe6 19. c4 dxc4 
20. Bxc4 Bb7+ 21. Kg1 Qc6 22. Rbf3 cxd4 23. Nxe6 Bc5 24. Nxc5 bxc5 25. Bg5 a6 
26. Rf7 Qh1+ 27. Kf2 Qxh2+ 28. Ke1 Qg3+ 29. Kd1 Nd5 30. Bxd5 Bxd5 31. Re7+ Kd8 
32. Rxh7+ Kc8 33. Rxh8+ 
1-0

[Event "34th Chess Olympiad (men)"]
[Site "Istanbul"]
[Date "2000.11.12"]
[Round "14.56.2"]
[White "Camilleri, Henry"]
[Black "Gentilleau, Jean-Philippe"]
[WhiteElo "2156"]
[BlackElo "2177"]
[WhiteCountry "MLT"]
[BlackCountry "MNC"]
[Result "1/2-1/2"]

1. e4 g6 2. Nc3 Bg7 3. g3 c5 4. Bg2 Nc6 5. d3 d6 6. Be3 Nd4 7. Qd2 Rb8 
8. h4 Nf6 9. f3 h5 10. Nd1 b5 11. c3 Nc6 12. Nf2 b4 13. Ne2 Bd7 14. O-O Ne5 
15. c4 a5 16. b3 a4 17. d4 cxd4 18. Nxd4 O-O 19. Bh6 Qb6 20. Bxg7 Kxg7 
21. Kh2 axb3 22. axb3 Ra8 23. Nc2 Rxa1 24. Rxa1 Rb8 
1/2-1/2

[Event "34th Chess Olympiad (men)"]
[Site "Istanbul"]
[Date "2000.11.12"]
[Round "14.56.3"]
[White "Farleigh, Richard"]
[Black "Camilleri, Stephan J"]
[WhiteElo "2199"]
[BlackElo "2097"]
[WhiteCountry "MNC"]
[BlackCountry "MLT"]
[Result "1/2-1/2"]

1. g3 g6 2. Bg2 Bg7 3. d4 Nf6 4. e4 d6 5. Nc3 O-O 6. Nge2 e5 7. h3 Nbd7 
8. Be3 c6 9. a4 Qe7 10. O-O exd4 11. Bxd4 Nc5 12. g4 Re8 13. Ng3 Ne6 
14. Be3 Nc7 15. g5 Nd7 16. Qd2 Ne5 17. b3 Bxh3 18. f4 Bxg2 19. Kxg2 Nd7 
20. Rae1 f6 21. gxf6 Bxf6 22. Nd1 b6 23. Nf2 Nc5 24. Bd4 Bxd4 25. Qxd4 N7e6 
26. Qe3 Ng7 27. Qc3 Qd7 28. b4 Nb7 29. Rd1 Rf8 30. Nd3 
1/2-1/2

[Event "34th Chess Olympiad (men)"]
[Site "Istanbul"]
[Date "2000.11.12"]
[Round "14.56.4"]
[White "Borg, Andrew"]
[Black "Lebel, Patrick"]
[WhiteElo "2132"]
[BlackElo "2172"]
[WhiteCountry "MLT"]
[BlackCountry "MNC"]
[Result "1/2-1/2"]

1. d4 e6 2. c4 f5 3. Nc3 Bb4 4. Nf3 Nf6 5. Bf4 O-O 6. Rc1 Ne4 7. Bd2 Nxd2 
8. Qxd2 d6 9. a3 Bxc3 10. Qxc3 Nd7 11. e3 Nf6 12. Be2 Bd7 13. O-O Ne4 
14. Qc2 Rf6 15. Bd3 Bc6 16. d5 
1/2-1/2

[Event "34th Chess Olympiad (men)"]
[Site "Istanbul"]
[Date "2000.11.12"]
[Round "14.57.1"]
[White "Frick, Renato"]
[Black "Battin, Richard"]
[WhiteElo "2156"]
[BlackElo "2020"]
[WhiteCountry "LIE"]
[BlackCountry "SEY"]
[Result "1-0"]

1. e4 e5 2. Nf3 Nc6 3. Bb5 d6 4. O-O Bg4 5. c3 Nf6 6. Re1 Be7 7. d4 exd4 
8. cxd4 O-O 9. Nc3 Kh8 10. Be3 Ng8 11. h3 Bh5 12. Rc1 a6 13. Bd3 Qd7 14. a3 b5 
15. Nxb5 Bxf3 16. Qxf3 Ne5 17. dxe5 axb5 
1-0

[Event "34th Chess Olympiad (men)"]
[Site "Istanbul"]
[Date "2000.11.12"]
[Round "14.57.2"]
[White "Constance, Ryan"]
[Black "Guller, Andras"]
[WhiteElo "2000"]
[BlackElo "2141"]
[WhiteCountry "SEY"]
[BlackCountry "LIE"]
[Result "0-1"]

1. e4 c5 2. Nf3 e6 3. Nc3 a6 4. a3 Nc6 5. d3 g6 6. h3 Bg7 7. Bd2 Nge7 
8. Rb1 O-O 9. Be2 Nd4 10. Be3 Nec6 11. Na2 d5 12. c3 Nxf3+ 13. Bxf3 d4 
14. cxd4 Nxd4 15. Be2 b5 16. O-O Bb7 17. f3 Rc8 18. Rc1 Qd7 19. b4 cxb4 
20. axb4 Rfd8 21. Rxc8 Rxc8 22. Nc1 Qd6 23. Bd2 Rc2 24. Kh1 Qc7 25. Rf2 Bf8 
26. Rf1 Rb2 27. Qe1 Qc2 28. Bc3 Bxb4 29. Bxb4 Nxe2 30. Nxe2 Qxe2 31. Qxe2 Rxe2 
32. d4 Rc2 33. Rd1 Rc4 34. Ba3 b4 35. Bc1 Kf8 36. d5 Ke8 37. d6 Kd7 38. e5 a5 
39. Kg1 a4 40. Rd3 Rxc1+ 41. Kf2 b3 42. Rd2 a3 
0-1